| 000 | 00704nam a2200193 4500 | ||
|---|---|---|---|
| 999 |
_c164386 _d164386 |
||
| 005 | 20190517122657.0 | ||
| 010 | _aENG-125210 | ||
| 020 |
_a9789352806980 _c895.00 |
||
| 035 | _aEN-108742 | ||
| 037 | _bDBAD/PUB | ||
| 082 | _a320.840 | ||
| 100 | _aSharma, B.M. | ||
| 245 |
_aPanchayati raj and reservation policy : _bstudy of impact of reservation policy on the marginalised section of the society/ _cB.M. Sharma |
||
| 260 |
_aNew Delhi _bRawat Publications _c2018 |
||
| 270 |
_a4858/24, Ansari Road _bDaryaganj, New Delhi _e110002 _minfo@rawatbooks.com |
||
| 300 |
_axii,207p. _c21cm(Hb) |
||
| 500 | _aIncludes bibliographical references and index | ||
| 942 |
_2ddc _cEN _h320.840 _mSHA |
||